000 00364nam a2200133Ia 4500
008 220217s9999||||xx |||||||||||||| ||und||
020 _a8121929133X
082 _a530 MUR
100 _aMurgeshan, R
_98064
245 0 _aMechanics and mathematical physics
260 _aS. Chand & company Ltd.
_bNew Delhi
_c2012
300 _a303p.
_b130
650 _aPHYSICS
999 _c182607
_d182607